The modern approaches to the distance education

Gespeichert in:
Bibliographische Detailangaben
1. Verfasser: Kollár, Vojtech
Weitere Verfasser: Brokeš, Peter
Format: Buchkapitel
Sprache:Englisch
Schlagworte:
Tags: Tag hinzufügen
Keine Tags, Fügen Sie das erste Tag hinzu!

MARC

LEADER 00000naa$a2200000$$$4500
001 0053339
005 20240502071621.3
041 0 |a eng 
044 |a SK 
245 1 0 |a The modern approaches to the distance education  |c Vojtech Kollár, Peter Brokeš 
610 2 0 |a vzdelávanie dištančné 
610 2 0 |a vzdelávanie elektronické 
610 2 0 |a vzdelávanie vysokoškolské 
610 2 0 |a študenti 
610 2 0 |a Slovensko 
100 1 |a Kollár, Vojtech 
700 1 |a Brokeš, Peter